Brottsoffer - rättsliga perspektiv

Saved in:  
Bibliographic Details
Contributors: Granström, Görel (Editor) ; Mannelqvist, Ruth (Editor)
Format: Print Book
Language:Swedish
Published: Lund Studentlitteratur [2016]
In:Year: 2016
Edition:Upplaga 1:1
Online Access: Table of Contents
Check availability: HBZ Gateway
Subito Delivery Service: Order now.

MARC

LEADER 00000cam a2200000 c 4500
001 1622694430
003 DE-627
005 20220227111936.0
007 tu
008 170111s2016 xx ||||| 00| ||swe c
020 |a 9789144111643  |c Broschur  |9 978-91-44-11164-3 
035 |a (DE-627)1622694430 
035 |a (DE-576)481624449 
035 |a (DE-599)BSZ481624449 
040 |a DE-627  |b ger  |c DE-627  |e rda 
041 |a swe 
245 0 0 |a Brottsoffer - rättsliga perspektiv  |c Görel Granström, Ruth Mannelqvist (red.) 
250 |a Upplaga 1:1 
264 1 |a Lund  |b Studentlitteratur  |c [2016] 
264 4 |c © 2016 
300 |a 170 Seiten 
336 |a Text  |b txt  |2 rdacontent 
337 |a ohne Hilfsmittel zu benutzen  |b n  |2 rdamedia 
338 |a Band  |b nc  |2 rdacarrier 
700 1 |a Granström, Görel  |e HerausgeberIn  |4 edt 
700 1 |a Mannelqvist, Ruth  |e HerausgeberIn  |4 edt 
856 4 2 |u https://swbplus.bsz-bw.de/bsz481624449inh.htm  |m B:DE-576;DE-Frei85  |q application/pdf  |v 20170131164533  |x Verlag  |3 Inhaltsverzeichnis  |7 1 
935 |a mkri 
951 |a BO 
ELC |b 1 
LOK |0 000 xxxxxcx a22 zn 4500 
LOK |0 001 3246943362 
LOK |0 003 DE-627 
LOK |0 004 1622694430 
LOK |0 005 20170126111203 
LOK |0 008 170111||||||||||||||||ger||||||| 
LOK |0 040   |a DE-Frei85  |c DE-627  |d DE-Frei85 
LOK |0 852   |a DE-Frei85 
LOK |0 852 1  |m p  |9 00 
LOK |0 938   |k p 
LOK |0 939   |a 11-01-17  |b l01 
ORI |a SA-MARC-krimdoka001.raw